Barranca abajo /

Guardado en:
Autor Principal: Sánchez, Florencio
Formato: Libro
Publicado: Buenos Aires : Nuevo Siglo, 1997
Materias:
Etiquetas: Agregar Etiqueta
Sin Etiquetas, Sea el primero en etiquetar este registro!
LEADER 00537nam a22001935a 4500
001 CEM.cems016168
005 20121026151425.0
008 130507s1997##################000#0#####d
003 CEMS
020 |a 9508980494 
082 0 4 |a U862.3 
100 1 |a Sánchez, Florencio 
245 1 0 |a Barranca abajo /  |c Florencio Sánchez, 
260 |a Buenos Aires :  |b Nuevo Siglo,  |c 1997 
300 |a 125 p. 
653 |a Literatura 
653 |a Literatura hispanoamericana 
653 |a Teatro 
859 |a CEMS  |b BIB. CEMS - Agricultura  |h U862.3  |i Sa551  |p A0047.00  |t Ej.1